The Vector Analysis Problems Solver /

保存先:
書誌詳細
第一著者: Milewski, Emil G. (ed.)
その他の著者: Fogiel, Max (presentación) (presentación)
フォーマット: 図書
言語:英語
出版事項: Piscataway, EUA : Research and Education Association, 1995, c1995
シリーズ:(REA's Problem Solvers)
主題:
タグ: タグ追加
タグなし, このレコードへの初めてのタグを付けませんか!

MARC

LEADER 00000nam^a2200000^a^4500
001 000142924
005 20250521000000.0
009 20260310095707.223
020 |a 0-87891-554-0 
037 |a Acervo ITESO - Biblioteca 
041 |a ING 
082 |a 515. 63  |b MIL 
100 |a Milewski, Emil G.  |e (ed.) 
245 1 4 |a The Vector Analysis Problems Solver /  |c Ed. de E.G. Milewski ; presen. de M. Fogiel. 
264 4 |a Piscataway, EUA :  |b Research and Education Association,  |c 1995, c1995 
300 |a XVI, 1253 p. 
336 |a texto  |b txt  |2 rdacontenido 
337 |a sin mediación  |b n  |2 rdamedio 
338 |a volumen  |b nc  |2 rdasoporte 
440 1 |a (REA's Problem Solvers) 
649 |a XX 
650 |a Cálculo Vectorial -  |x Problemas, Ejercicios, etc. 
650 |a Vectores 
650 |a Espirales 
650 |a Coordenadas Cilíndricas 
650 |a Coordenadas Esféricas 
650 |a Producto Escalar 
650 |a Cálculo Diferencial 
650 |a Formas Diferenciales 
650 |a Algebra Lineal 
650 |a Geometría Diferencial 
650 |a Dinámica de Fluidos -  |x Problemas, Ejercicios, etc. 
650 |a Mecánica -  |x Problemas, Ejercicios, etc. 
650 |a Física Matemática -  |x Problemas, Ejercicios, etc 
650 |a Cálculo -  |x Problemas, Ejercicios, etc. 
650 |a Geometría -  |x Problemas, Ejercicios, etc. 
650 |a Algebra -  |x Problemas, Ejercicios, etc. 
650 |a Física -  |x Problemas, Ejercicios, etc. 
650 |a Matemáticas -  |x Problemas, Ejercicios, etc. 
700 |a Fogiel, Max  |e (presentación) 
910 |a Fondo General 
920 |a Impresos - Libros 
930 |a Colección General 
905 |a 101 
901 |a 0500071658  |b IT1  |c ACC  |u 20250521 
902 |a https://opac.biblio.iteso.mx/vufind/Record/000142924